UK Comedy Songs (1950's - 1980's) - Statistics

General Stats
  • This quiz has been taken 96 times
  • The average score is 8 of 20
Answer Stats
Song/Year Answer % Correct
Funky Gibbon (1975) The Goodies
93%
Ying Tong Song (1957) The Goons
82%
The Combine Harvester (Brand New Key) (1976) The Wurzels
82%
Funky Moped (1975) Jasper Carrott
69%
Does Your Chewing Gum Lose It's Flavour (On The Bedpost Overnight?) (1959) Lonnie Donegan
51%
Let's Do It - The Ballad of Barry & Freda (1986) Victoria Wood
49%
Snot Rap (1983) Kenny Everett
43%
In The Brownies (1979) Billy Connolly
40%
The Hole In The Ground (1962) Bernard Cribbins
39%
Trumpton Riots (1986) Half Man Half Biscuit
26%
Sit On My Face (1980) Monty Python
26%
Boom Oo Yatta-Ta-Ta (1963) Morecambe and Wise
26%
I Like Trucking (1981) Not The Nine O'Clock News
24%
All I Want For Christmas Is A Beatle (1963) Dora Bryan
22%
Gather In The Mushrooms (1961) Benny Hill
19%
Mr Custer (1960 UK hit) Charlie Drake
18%
My Brother Makes The Noises For The Talkies (1966) Bonzo Dog Doo-Dah Band
15%
How Sweet To Be An Idiot (1973) Neil Innes
13%
Where's Me Jumper? (1991) Sultans of Ping FC
13%
The (Algernon Wants You To Say) Okay Song (1981) Lenny Henry
6%
No matching quizzes found
Score Distribution
Percent of People with Each Score
Percentile by Number Answered
Your Score History
You have not taken this quiz